Drapeaux des régions d'Espagne - Statistiques

Statistiques générales
  • Ce quiz a été pris 466 fois
  • Le résultat moyen est 10 sur 19
Statistiques - réponses
Par images Réponse % Correct
Catalogne
97%
Pays basque
82%
Andalousie
68%
Aragon
61%
Communauté valencienne
61%
Galice
57%
Castille-et-León
56%
Communauté de Madrid
55%
Îles Baléares
52%
Castille-La Manche
51%
Îles Canaries
50%
Asturies
48%
Estrémadure
47%
Navarre
44%
Région de Murcie
42%
La Rioja
38%
Ceuta
35%
Cantabrie
33%
Melilla
29%
Aucun quiz correspondant
Distribution des résultats
% des personnes avec chaque résultat
Percentile par nombre de réponses
Votre historique - résultats
Vous n’avez pas pris ce quiz